Les 10 villes les plus peuplées de la Mayenne (53) - Statistiques

Statistiques générales
  • Ce quiz a été pris 53 fois
  • Le résultat moyen est 6 sur 10
Statistiques - réponses
Population Communes % Correct
49 500 Laval
100%
12 900 Mayenne
96%
5 500 Ernée
64%
8 400 Évron
64%
7 400 Saint-Berthevin
58%
6 500 Changé
56%
16 500 Château-Gontier-sur-Mayenne
53%
4 400 Craon
49%
6 300 Bonchamp-lès-Laval
29%
4 600 L'Huisserie
27%
Aucun quiz correspondant
Distribution des résultats
% des personnes avec chaque résultat
Percentile par nombre de réponses
Votre historique - résultats
Vous n’avez pas pris ce quiz